Planning for growth (Record no. 83406)

MARC details
000 -LEADER
fixed length control field 00812cab a22002175a 4500
001 - CONTROL NUMBER
control field L153858
008 - FIXED-LENGTH DATA ELEMENTS--GENERAL INFORMATION
fixed length control field 110914e20110910xxk 000 0 eng d
035 ## - SYSTEM CONTROL NUMBER
System control number (Sirsi) u153858
041 0# - LANGUAGE CODE
Language code of text/sound track or separate title eng
100 1# - MAIN ENTRY--PERSONAL NAME
Personal name Adams, John
245 00 - TITLE STATEMENT
Title Planning for growth
260 ## - PUBLICATION, DISTRIBUTION, ETC.
Date of publication, distribution, etc. 2011
490 ## - SERIES STATEMENT
Series statement Estates Gazette
Volume/sequential designation (1136) 10 September 2011, 86-88(3)
520 ## - SUMMARY, ETC.
Summary, etc. Looks at how the draft National Policy Planning Framework (L153433) aims to encourage sustainable neighbourhood development. Compares current Policy Policy Statement 12: PPS12 with the draft NPPF soundness test proposals.
590 ## - LOCAL NOTE (RLIN)
Local note KA
650 24 - SUBJECT ADDED ENTRY--TOPICAL TERM
Topical term or geographic name entry element NATIONAL POLICY PLANNING FRAMEWORK
650 24 - SUBJECT ADDED ENTRY--TOPICAL TERM
Topical term or geographic name entry element PLANNING POLICY STATEMENT 12
690 ## - LOCAL SUBJECT ADDED ENTRY--TOPICAL TERM (OCLC, RLIN)
Topical term or geographic name as entry element ENVIRONMENTAL AND LAND CONSULTANCY-PLANNING AND DEVELOPMENT
700 1# - ADDED ENTRY--PERSONAL NAME
Personal name Ricketts, Simon
942 ## - ADDED ENTRY ELEMENTS (KOHA)
Suppress in OPAC 0
Holdings
Withdrawn status Lost status Source of classification or shelving scheme Damaged status Not for loan Home library Current library Shelving location Date acquired Total Checkouts Full call number Barcode Date last seen Copy number Price effective from Koha item type
    Dewey Decimal Classification     London London Journal article 14/09/2011   L153858 153858-1001 06/08/2019 1 06/08/2019 Journal article